000 01314nam a2200325 a 4500
001 000114376
003 CHAP
005 20220329144438.0
008 180117s2017 mx |sm |||||||spa d
010 _a110837
011 _a111809
040 _cCHAP
090 _aTesis
100 1 _aGarcía Reyes, Hipolito
_9134370
245 1 0 _aDiagnóstico, impacto de mosca (Hemiptera:aleyrodidae) y patogenicidad con hongos entomopatógenos en cuna de Moisés (Spathiphyllum wallisii Regel)
_h[En línea]
_cpor Hipolito García Reyes y Alexis Frumencio López López.
260 _aChapingo, Méx. :
_bEl autor,
_c2017.
500 _aPara ver el contenido del material haga clic en la liga
502 _aTesis (Ing. Agr. Esp. en Parasitología Agrícola) -- UACH. Departamento de Parasitología Agrícola
590 _aBATCH-UPD
_b05
_c20180117
_lUCH01
_h0926
590 _aE11695DGD
_b10
_c20180118
_lUCH01
_h0846
590 _aE6337LMJ
_b05
_c20180117
_lUCH01
_h0918
590 _aE6337LMJ
_b05
_c20180117
_lUCH01
_h0925
650 1 4 _aMosca blanca
_xControl biológico.
_9134369
650 1 4 _aPlantas ornamentales
_xPlagas.
_989072
700 1 _aLópez López, Alexis Frumencio.
_9134371
856 _aFinding aid
_uhttp://10.13.5.2/tesis/sist114376.pdf
_zTeclea aquí
901 _aBK
942 _cTESIS
942 _n0
999 _c110837
_d110837